| 000 | 00458cam a2200181 4500 | ||
|---|---|---|---|
| 001 | D5298 | ||
| 008 | 090401t1979 xxu||||| |||| 00| 0 eng d | ||
| 035 | _a(Sirsi) u43612 | ||
| 041 | _aeng | ||
| 050 | _a750.03 | ||
| 100 | _aHall, James | ||
| 245 | _aDictionary of subjects and symbols in art. Introduction by Kenneth Clark | ||
| 260 |
_aLondon _bJohn Murray _c1979 |
||
| 300 | _axxix. 349p. 23cm | ||
| 350 | _a8.95 | ||
| 942 | _n0 | ||
| 948 | _c04/03/1997 | ||
| 999 |
_c91363 _d91363 |
||